书目信息 |
| 题名: |
大学生军训手册
|
|
| 作者: | ;新时期学校国防教育课题组 组编 | |
| 分册: | ||
| 出版信息: | 北京 高等教育出版社 2003.5 |
|
| 页数: | 178页 | |
| 开本: | 21cm | |
| 丛书名: | ||
| 单 册: | ||
| 中图分类: | G641.8 | |
| 科图分类: | ||
| 主题词: | 军事训练--高等学校--手册 | |
| 电子资源: | ||
| ISBN: | 7-04-012779-2 | |
| 000 | 00865nam0 2200241 450 | |
| 001 | CAL 012006040497 | |
| 005 | 20100806142541.18 | |
| 010 | @a7-04-012779-2@dCNY8.80 | |
| 100 | @a20100515e20052003em y0chiy0120 ea | |
| 101 | 0 | @achi |
| 102 | @aCN@b110000 | |
| 105 | @aa a 000yy | |
| 200 | 1 | @a大学生军训手册@Ada xue sheng jun xun shou ce@f新时期学校国防教育课题组组编 |
| 210 | @a北京@c高等教育出版社@d2003.5 | |
| 215 | @a178页@c图@d21cm | |
| 300 | @a根据教育部、总参谋部、总政治部《普通高等学校军事课教学大纲》编写 | |
| 320 | @a有书目 (第176-178页) | |
| 330 | @a本书介绍了中国人民解放军的组织体制, 军兵种编制序列及武器装备常识, 军事航天系统知识等。 | |
| 606 | 0 | @a军事训练@x高等学校@x手册 |
| 690 | @aG641.8@v4 | |
| 711 | 02 | @a新时期学校国防教育课题组@Axin shi qi xue xiao guo fang jiao yu ke ti zu@4组编 |
| 801 | 0 | @aCN@c20100515 |
| 905 | @dG641.8@eX571@f5 | |
| 大学生军训手册/新时期学校国防教育课题组组编.-北京:高等教育出版社,2003.5 |
| 178页:图;21cm |
| 根据教育部、总参谋部、总政治部《普通高等学校军事课教学大纲》编写 |
| ISBN 7-04-012779-2:CNY8.80 |
| 本书介绍了中国人民解放军的组织体制, 军兵种编制序列及武器装备常识, 军事航天系统知识等。 |
| ● |
| 相关链接 |
|
|
|
正题名:大学生军训手册
索取号:G641.8/X571
 
预约/预借
| 序号 | 登录号 | 条形码 | 馆藏地/架位号 | 状态 | 备注 |
| 1 | 998811 | 209988110 | 社科库409/409社科库 10排4列3层/ [索取号:G641.8/X571] | 在馆 | |
| 2 | 998812 | 209988129 | 社科库409/409社科库 10排4列3层/ [索取号:G641.8/X571] | 在馆 | |
| 3 | 998813 | 209988138 | 社科库409/409社科库 10排4列3层/ [索取号:G641.8/X571] | 在馆 | |
| 4 | 998814 | 209988147 | 社科库409/409社科库 10排4列3层/ [索取号:G641.8/X571] | 在馆 | |
| 5 | 998815 | 209988156 | 社科库409/409社科库 10排4列3层/ [索取号:G641.8/X571] | 在馆 |